LDR 00847naa#a2200193#i#450# 001 RU\INFRA-M\bibl\118278 005 20260417090923.5 011 ## _a2587-9111 100 ## _a20260417b2026####ek#y0rusy0150####ca 102 ## _aRU 200 1# _aИнвестиционные структурные преобразования в российском машиностроении _eЖурнальная статья 210 1# _aМосква _cОбщество с ограниченной ответственностью «Научно-издательский центр ИНФРА-М» _d2026 215 ## _a4 с. 608 ## _aЖурнальная статья _2local 675 ## _aУправление экономикой. 338.24 _z 700 #1 _aЛомовцев _gД. А. 700 #1 _aБобков _gА. С. 700 #1 _aЛомовцев _gП. Д. 856 4# _azh-szf.ru _u